000 00564nam a2200145Ia 4500
001 3299
008 241024s9999 xx 000 0 und d
082 _aRD/374.72/R426i/2004-2008
100 _aRepública Dominicana. Secretaría de Estado de Educación Superior, Ciencia y Tecnología (SEESCYT)
245 0 _aInforme final de evaluación quinquenal correspondiente al Instituto Superior de Formación Docente Salomé Ureña
260 _bComisión de Evaluación Quinquenal de la SEESCYT
_c2008
590 _asi
901 _a19/9/2013 3:45:06 p.m.
999 _c8476
_d8476